[Event "Biel Exhibition Blitz RR"]
[Site "Biel SUI"]
[Date "2016.07.30"]
[Round "1"]
[White "Georgiadis, Nico"]
[Black "Svidler, Peter"]
[Result "0-1"]
[WhiteTitle "IM"]
[BlackTitle "GM"]
[WhiteElo "2470"]
[BlackElo "2759"]
[WhiteFideId "1300113"]
[BlackFideId "4102142"]
[EventDate "2016.07.30"]
[EventType "blitz"]

1. d4 d6 2. e4 Nf6 3. Nc3 g6 4. Be3 c6 5. h3 Nbd7 6. Nf3 e5 7. a4 Bg7 8. Bc4 O-O
9. dxe5 dxe5 10. a5 Qe7 11. O-O Rd8 12. Ng5 Rf8 13. Qb1 h6 14. Nf3 Nc5 15. Nd2
Rd8 16. b4 Ne6 17. Na4 Nh5 18. Nc5 Nef4 19. Nf3 Rb8 20. Rd1 b6 21. axb6 axb6 22.
Rxd8+ Qxd8 23. Nd3 b5 24. Bxf7+ Kxf7 25. Nfxe5+ Kg8 26. Nxc6 Qg5 27. Nxf4 Nxf4
28. Bxf4 Qxf4 29. Nxb8 Qxb8 30. Ra3 Be6 31. Rg3 Kh7 32. c3 Qf4 33. Rf3 Qd2 34.
Qd3 Qe1+ 35. Kh2 Bc4 36. Qd7 Qxe4 37. Re3 Qf5 38. Re7 Qxd7 39. Rxd7 g5 40. g4
Kg6 41. Rd6+ Kf7 42. Rd7+ Kf8 43. Kg2 Bxc3 44. Rd6 Bxb4 45. Rxh6 Bd2 46. Rb6 b4
47. Kg3 b3 48. h4 gxh4+ 49. Kxh4 Bc3 50. g5 b2 51. g6 Bd3 0-1

[Event "Biel Exhibition Blitz RR"]
[Site "Biel SUI"]
[Date "2016.07.30"]
[Round "1"]
[White "Rambaldi, Francesco"]
[Black "Bok, Benjamin"]
[Result "1-0"]
[WhiteTitle "GM"]
[BlackTitle "GM"]
[WhiteElo "2544"]
[BlackElo "2613"]
[WhiteFideId "20657307"]
[BlackFideId "1017063"]
[EventDate "2016.07.30"]
[EventType "blitz"]

1. e4 e5 2. Nf3 Nc6 3. Bb5 Nf6 4. O-O Nxe4 5. d4 Nd6 6. Bxc6 dxc6 7. dxe5 Nf5 8.
Qxd8+ Kxd8 9. h3 Bd7 10. Rd1 Be7 11. g4 Nh4 12. Nxh4 Bxh4 13. Bf4 Kc8 14. Nc3 h5
15. f3 Be6 16. Kg2 Be7 17. b3 b6 18. Ne4 Kb7 19. Bg5 Ba3 20. Bc1 Be7 21. Bg5 Ba3
22. Bc1 Be7 23. a4 hxg4 24. hxg4 Bd5 25. Ng3 Rad8 26. Be3 Bb4 27. Rd3 Rhe8 28.
Rad1 Be6 1-0

[Event "Biel Exhibition Blitz RR"]
[Site "Biel SUI"]
[Date "2016.07.30"]
[Round "2"]
[White "Bok, Benjamin"]
[Black "Studer, Noel"]
[Result "1-0"]
[WhiteTitle "GM"]
[BlackTitle "IM"]
[WhiteElo "2613"]
[BlackElo "2462"]
[WhiteFideId "1017063"]
[BlackFideId "1319620"]
[EventDate "2016.07.30"]
[EventType "blitz"]

1. d4 Nf6 2. c4 e6 3. Nf3 d5 4. Nc3 Nbd7 5. Bf4 dxc4 6. e3 b5 7. Nxb5 Bb4+ 8.
Nc3 Nd5 9. Qc2 N7b6 10. Bg3 Bb7 11. Be2 O-O 12. O-O c5 13. Nxd5 Nxd5 14. Rfd1
cxd4 15. Rxd4 Qb6 16. Rxc4 Be7 17. a3 Qa5 18. Rc1 Bf6 19. Nd4 g6 20. Rc5 Qd8 21.
Nc6 Qb6 22. Rb5 Qxc6 23. Qxc6 Bxc6 24. Rxc6 Rfc8 25. Rc4 Nb6 26. Rxc8+ Rxc8 27.
h4 Rc2 28. Bf3 Rxb2 29. Ra5 Nc8 30. Rc5 Nb6 31. Rc7 a5 32. Rb7 a4 33. Bd6 Nc4
34. Bb4 h5 35. Bc6 Be5 36. g3 Nd2 37. Be8 Ne4 38. Bxf7+ Kh8 39. Bxg6 Nxf2 40.
Rf7 Nh3+ 41. Kf1 Bxg3 42. Bc3+ 1-0

[Event "Biel Exhibition Blitz RR"]
[Site "Biel SUI"]
[Date "2016.07.30"]
[Round "2"]
[White "Georgiadis, Nico"]
[Black "Rambaldi, Francesco"]
[Result "1/2-1/2"]
[WhiteTitle "IM"]
[BlackTitle "GM"]
[WhiteElo "2470"]
[BlackElo "2544"]
[WhiteFideId "1300113"]
[BlackFideId "20657307"]
[EventDate "2016.07.30"]
[EventType "blitz"]

1. d4 Nf6 2. Bf4 g6 3. Nc3 d6 4. e4 a6 5. a4 Bg7 6. h3 O-O 7. Nf3 Nc6 8. Bc4
Nxe4 9. Nxe4 d5 10. Bd3 dxe4 11. Bxe4 Nxd4 12. Nxd4 e5 13. Nc6 bxc6 14. Qxd8
Rxd8 15. Be3 Bb7 16. g4 Rab8 17. Bc5 Bf8 18. Bxf8 Kxf8 19. Ke2 c5 20. Bxb7 Rxb7
21. b3 c4 22. bxc4 Rb4 23. Rhd1 Rxd1 24. Kxd1 Rxc4 25. Kd2 h5 26. f3 hxg4 27.
hxg4 Ke7 28. c3 a5 29. Kd3 Rf4 30. Ke3 Ke6 31. Ra2 Rc4 32. Kd3 Rf4 33. Ke3 c6
34. Ra1 Rc4 35. Kd3 Kd5 36. Ra2 Rf4 37. Ke3 Kc4 38. Ra1 c5 39. Rb1 Kxc3 40. Rb5
Kc4 41. Rxa5 Rd4 42. Ra7 f5 43. gxf5 gxf5 44. Re7 Rd3+ 45. Ke2 Rd5 46. Rb7 Rd6
47. Re7 Kd5 48. Ra7 c4 49. Kd2 Kd4 50. a5 e4 51. fxe4 fxe4 52. a6 e3+ 53. Ke2
Rf6 54. Rd7+ Kc3 55. a7 Ra6 56. Kxe3 Kc2 57. Rc7 c3 58. Kd4 Ra4+ 59. Kc5 Kb2 60.
Kb6 Rb4+ 61. Ka5 Rb3 62. Ka6 c2 63. Rxc2+ Kxc2 64. a8=Q Ra3+ 65. Kb7 Rxa8 66.
Kxa8 1/2-1/2

[Event "Biel Exhibition Blitz RR"]
[Site "Biel SUI"]
[Date "2016.07.30"]
[Round "3"]
[White "Rambaldi, Francesco"]
[Black "Svidler, Peter"]
[Result "1-0"]
[WhiteTitle "GM"]
[BlackTitle "GM"]
[WhiteElo "2544"]
[BlackElo "2759"]
[WhiteFideId "20657307"]
[BlackFideId "4102142"]
[EventDate "2016.07.30"]
[EventType "blitz"]

1. e4 c5 2. Nf3 e6 3. d4 cxd4 4. Nxd4 a6 5. c4 Nf6 6. Nc3 Qc7 7. a3 b6 8. Be3
Bb7 9. f3 d6 10. Be2 Nbd7 11. O-O Be7 12. Rc1 O-O 13. Qd2 Rac8 14. Rfd1 Qb8 15.
b4 Bd8 16. Kh1 Bc7 17. b5 Nc5 18. bxa6 Bxa6 19. Rb1 Qa8 20. Ndb5 Ncd7 21. Nxc7
Rxc7 22. Qxd6 Rc6 23. Qb4 Rfc8 24. Nb5 Bxb5 25. cxb5 Rc2 26. Bf1 h5 27. Rbc1 Qb8
28. Rxc2 Rxc2 29. Bd3 Rc8 30. Rc1 Rxc1+ 31. Bxc1 Qe5 32. Qb2 Qc5 33. Qc2 Qd4 34.
Bb2 Qe3 35. Qe2 Qc5 36. Qc2 Qe3 37. Qe2 Qc5 38. g3 h4 39. Kg2 Ne5 40. Bxe5 Qxe5
41. f4 Qc3 42. Qc2 Qxa3 43. e5 Nd7 44. Qc8+ Nf8 45. Qc4 hxg3 46. hxg3 g6 47. Be4
Qb2+ 48. Kf3 Kg7 49. Qc6 Qd4 50. Qd6 Qg1 51. Qd2 Qf1+ 52. Qf2 Qxb5 53. g4 Nd7
54. Qh4 Qf1+ 55. Ke3 Qc1+ 56. Kf3 Qa3+ 57. Kg2 b5 58. Qd8 Qb2+ 59. Kf3 Qc3+ 60.
Kg2 Qd2+ 61. Kg3 b4 62. f5 Qe3+ 63. Bf3 Qxe5+ 64. Kg2 Nf6 65. g5 Qxf5 66. gxf6+
Qxf6 67. Qb6 Qc3 68. Qb5 b3 69. Be4 b2 70. Bd3 Qd4 71. Qb3 e5 72. Qc2 f5 1-0

[Event "Biel Exhibition Blitz RR"]
[Site "Biel SUI"]
[Date "2016.07.30"]
[Round "3"]
[White "Studer, Noel"]
[Black "Georgiadis, Nico"]
[Result "1-0"]
[WhiteTitle "IM"]
[BlackTitle "IM"]
[WhiteElo "2462"]
[BlackElo "2470"]
[WhiteFideId "1319620"]
[BlackFideId "1300113"]
[EventDate "2016.07.30"]
[EventType "blitz"]

1. Nf3 f5 2. d3 Nc6 3. e4 e5 4. exf5 d5 5. g4 Bc5 6. c3 Bb6 7. d4 Qe7 8. Be3 Nf6
9. h3 O-O 10. Na3 g6 11. fxg6 hxg6 12. Be2 Ne4 13. Qb3 Be6 14. O-O-O exd4 15.
cxd4 Qf7 16. Kb1 Rae8 17. Ka1 Na5 18. Qc2 Nc6 19. Rhf1 Qh7 20. Rh1 Qf7 21. Rdf1
Qg7 22. Rd1 Rxf3 23. Bxf3 Nxd4 24. Bxd4 Bxd4 25. Nb5 Be5 26. Rhe1 1-0

[Event "Biel Exhibition Blitz RR"]
[Site "Biel SUI"]
[Date "2016.07.30"]
[Round "4"]
[White "Svidler, Peter"]
[Black "Bok, Benjamin"]
[Result "1-0"]
[WhiteTitle "GM"]
[BlackTitle "GM"]
[WhiteElo "2759"]
[BlackElo "2613"]
[WhiteFideId "4102142"]
[BlackFideId "1017063"]
[EventDate "2016.07.30"]
[EventType "blitz"]

1. Nf3 Nf6 2. g3 d5 3. Bg2 c6 4. O-O Bg4 5. d3 Nbd7 6. Qe1 e5 7. e4 dxe4 8. dxe4
Bc5 9. Nbd2 O-O 10. h3 Bh5 11. a4 Qc7 12. Nb3 Be7 13. Nh4 Rfe8 14. Be3 Bf8 15.
g4 Bg6 16. Nf5 a5 17. Qe2 Nb6 18. Ng3 Nfd7 19. Rfd1 f6 20. h4 Bf7 21. g5 fxg5
22. hxg5 Nc4 23. Bc1 Rad8 24. Rd3 Nc5 25. Nxc5 Bxc5 26. Rxd8 Rxd8 27. b3 Bd4 28.
Rb1 Nd6 29. Bd2 b5 30. Nf5 bxa4 31. Nxd4 exd4 32. e5 Nf5 33. e6 Bg6 34. bxa4 Re8
35. Qc4 Kh8 36. Qxc6 Qe7 37. Bxa5 Qxg5 38. Qd5 h6 39. Bc7 Qf6 40. Be5 Qxe6 41.
Qxe6 Rxe6 42. Rb5 Be8 43. Ra5 Kh7 44. Bh3 Bg6 45. Rc5 Ra6 46. a5 Nh4 47. Bc7
Nf3+ 48. Kf1 d3 49. cxd3 Bxd3+ 50. Kg2 Be4 51. Kg3 Nd4 52. Kf4 Ba8 53. Ke3 Nb3
54. Rb5 Na1 55. Bf5+ Kg8 56. Rb8+ Kf7 57. Bb6 Nb3 58. Bd3 Rxb6 59. axb6 1-0

[Event "Biel Exhibition Blitz RR"]
[Site "Biel SUI"]
[Date "2016.07.30"]
[Round "4"]
[White "Rambaldi, Francesco"]
[Black "Studer, Noel"]
[Result "0-1"]
[WhiteTitle "GM"]
[BlackTitle "IM"]
[WhiteElo "2544"]
[BlackElo "2462"]
[WhiteFideId "20657307"]
[BlackFideId "1319620"]
[EventDate "2016.07.30"]
[EventType "blitz"]

1. d4 e6 2. c4 Nf6 3. Nf3 d5 4. e3 a6 5. b3 b6 6. Bd3 Bd6 7. Nbd2 Bb7 8. Qc2 O-O
9. O-O Nbd7 10. Bb2 Rc8 11. e4 dxe4 12. Nxe4 Nxe4 13. Bxe4 Bxe4 14. Qxe4 Nf6 15.
Qe2 c5 16. Rad1 Qe7 17. d5 Rfe8 18. dxe6 Qxe6 19. Qxe6 Rxe6 20. Bxf6 Rxf6 21.
Rd5 g6 22. Rfd1 Bf8 23. a4 h6 24. h4 Re8 25. Re1 Rb8 26. Ne5 Re6 27. Red1 Bg7
28. Rd8+ Re8 29. Rxb8 Rxb8 30. Nc6 Re8 31. h5 gxh5 32. Rd8 Kf8 33. Rb8 Bf6 34.
Rxb6 Re6 35. Rxa6 Kg7 36. g3 h4 37. a5 hxg3 38. fxg3 Re3 39. Rb6 Rxg3+ 40. Kf2
Rc3 41. a6 Rc2+ 42. Kf3 Ra2 43. Na7 h5 44. Nb5 h4 45. Kg4 Rg2+ 46. Kh3 Rg3+ 47.
Kh2 Be5 48. Kh1 Rxb3 49. a7 h3 50. Kg1 h2+ 51. Kg2 Rb2+ 52. Kh3 h1=Q+ 0-1

[Event "Biel Exhibition Blitz RR"]
[Site "Biel SUI"]
[Date "2016.07.30"]
[Round "5"]
[White "Studer, Noel"]
[Black "Svidler, Peter"]
[Result "0-1"]
[WhiteTitle "IM"]
[BlackTitle "GM"]
[WhiteElo "2462"]
[BlackElo "2759"]
[WhiteFideId "1319620"]
[BlackFideId "4102142"]
[EventDate "2016.07.30"]
[EventType "blitz"]

1. d4 d6 2. e4 g6 3. Nc3 Bg7 4. Be3 a6 5. f4 b5 6. Nf3 Bb7 7. Bd3 Nd7 8. e5 Nh6
9. Qe2 e6 10. O-O-O Nb6 11. Kb1 Qd7 12. h3 Nf5 13. Bf2 Ne7 14. Rhe1 O-O-O 15.
Ne4 Ned5 16. Qd2 Kb8 17. g3 h6 18. a3 Bf8 19. g4 Be7 20. Ng3 Nc4 21. Bxc4 bxc4
22. Ne4 Qb5 23. Nc3 Nxc3+ 24. Qxc3 Bd5 25. Nd2 Ka8 26. Qb4 Qc6 27. Qc3 h5 28.
Qe3 Rb8 29. Kc1 hxg4 30. hxg4 Rb7 31. Qc3 Rhb8 32. b4 a5 33. bxa5 dxe5 34. dxe5
Qa4 35. Ne4 Bxa3+ 0-1

[Event "Biel Exhibition Blitz RR"]
[Site "Biel SUI"]
[Date "2016.07.30"]
[Round "5"]
[White "Bok, Benjamin"]
[Black "Georgiadis, Nico"]
[Result "1-0"]
[WhiteTitle "GM"]
[BlackTitle "IM"]
[WhiteElo "2613"]
[BlackElo "2470"]
[WhiteFideId "1017063"]
[BlackFideId "1300113"]
[EventDate "2016.07.30"]
[EventType "blitz"]

1. e4 e5 2. Nf3 Nc6 3. Bc4 Bc5 4. O-O Nf6 5. d3 O-O 6. Nbd2 d6 7. c3 a6 8. Bb3
Ba7 9. h3 Be6 10. Bc2 h6 11. Re1 Re8 12. Nf1 d5 13. exd5 Nxd5 14. Ng3 f6 15. d4
Nf4 16. Bxf4 exf4 17. Nh5 Qd6 18. Qd3 f5 19. Rxe6 Rxe6 20. Bb3 Kh8 21. Bxe6 Qxe6
22. Nxf4 Qf7 23. Re1 Rd8 24. Ne5 Nxe5 25. Rxe5 g6 26. Re6 Rg8 27. Qe2 Bb6 28.
Qe5+ 1-0